00323 2200145 4500001002100000005001500021035002000036245003900056100001700095300001200112260001900124082000800143084001400151990001200165INLIS00000000000209720250527100144 a0010-05250003891 aKontakte Deustch 2 /cTini Harjono0 aTini Harjono a216 hlm bKatalis,c2002 a430 a430 TIN k a0713314